| 000 | 01218nam0a22003011 4500 | ||
|---|---|---|---|
| 001 | rc\3145261 | ||
| 005 | 20120615102034.5 | ||
| 021 |
_aRU _b75-20848 |
||
| 021 |
_aRU _bРг5085-75 |
||
| 035 | _a(NLR Aleph) 007293309 | ||
| 090 |
_a5632935 _c5632935 |
||
| 100 | _a20120615d1975 |||y0rusy50 ca | ||
| 101 | 0 | _arus | |
| 102 | _aRU | ||
| 105 | _ay z ||||| | ||
| 200 | 1 |
_aШерстное козоводство в Наманганской области и перспективы его развития _f[ВДНХ СССР]. М-во с. х. УзССР. [ВДНХ УзССР] |
|
| 210 |
_aТашкент _cБ. и. _d1975 |
||
| 215 |
_a7 с. _d20 |
||
| 300 | _aНа обороте тит. л. сост.: П.Ф. Кияткин, Х. Раджапов, Ф. Мамадалиев | ||
| 700 | 1 |
_aКияткин _bП. Ф. _gПетр Филиппович _4220 |
|
| 701 | 1 |
_aМамадалиев _bФ. Х. _gФарход Хабибуллаевич _4220 |
|
| 701 | 1 |
_aРаджапов _bХ. _4220 |
|
| 712 | 0 | 1 |
_aУзССР _bМинистерство сельского хозяйства _3RU\NLR\AUTH\889924576 |
| 801 | 0 |
_aRU _bNLR _gpsbo |
|
| 801 | 1 |
_aRU _bELAR _2rusmarc |
|
| 852 |
_aNLR _j74-4/39771 |
||
| 942 | _cBOOK | ||
| 980 | _aNB | ||